000
00253nam a2200109Ia 4500
005
20251222141924.0
008
251222s9999||||xx |||||||||||||| ||spa||
082
_a
940.53/E34
100
_a
"Eisenhower, Dwight"
245
0
_a
Cruzada en Europa
942
_c
LIB
999
_c
8815
_d
8815